|
|
|
|
| LEADER |
01351nam a22002897a 4500 |
| 001 |
34060 |
| 003 |
BD-DhAAL |
| 005 |
20240429114759.0 |
| 008 |
181219t2013 bg |||| |||| 00| 0 ben d |
| 020 |
|
|
|a 9847000800237
|
| 040 |
|
|
|a BD-DhAAL
|d BD-DhAAL
|
| 041 |
|
|
|a ben
|
| 082 |
|
|
|2 22
|a 954.9205
|
| 245 |
|
|
|a স্বাধীনতা,
|n ষষ্ঠ খন্ড /
|c সম্পাদক কামরুল হাসান ভূঁইয়া.
|
| 246 |
|
|
|a Shadhinata ( volume-6 )
|
| 260 |
|
|
|a ঢাকা :
|b সেন্টার ফর বাংলাদেশ লিবারেশন ওয়ার স্টাডিজ,
|c ২০১২.
|
| 300 |
|
|
|a ৯৫ পৃষ্ঠা ;
|c ২২ সে.মি.
|
| 362 |
|
|
|a Vol. 6
|
| 526 |
|
|
|a AAL
|
| 541 |
|
|
|a Development Book Agency
|e 34060
|
| 651 |
|
|
|a Bangladesh
|x History
|y Revolution, 1971.
|9 29181
|
| 651 |
|
|
|a বাংলাদেশ
|x ইতিহাস
|y মুক্তিযুদ্ধ, ১৯৭১.
|9 29182
|
| 700 |
|
|
|a ভূঁইয়া, কামরুল হাসান.
|9 29183
|
| 852 |
|
|
|a Ayesha Abed Library
|c Bangabandhu Corner
|
| 942 |
|
|
|2 ddc
|c BK
|
| 999 |
|
|
|c 40368
|d 40368
|
| 952 |
|
|
|0 0
|1 0
|2 ddc
|4 0
|6 954_920500000000000_SHA
|7 0
|9 64833
|a BRACUL
|b BRACUL
|c BNC
|d 2018-12-18
|e Development Book Agency
|g 127.50
|l 0
|o 954.9205 SHA
|p 3010034060
|r 2018-12-18
|t 1
|v 150.00
|w 2018-12-18
|y BK
|